| 000 | 00355 a2200157 4500 | ||
|---|---|---|---|
| 001 | 45743 | ||
| 020 | _a | ||
| 040 | _cAnchieta - Aquarius | ||
| 100 | _aVíveros, Lílian Cristina | ||
| 240 | 1 | 0 |
_aUm capitão de quinze anos _lpor |
| 245 | 1 | 0 | _aUm capitão de quinze anos |
| 300 | _a36 | ||
| 362 | 0 | _a1988 | |
| 650 | 4 | _aLiteratura juvenil | |
| 942 | _cBK | ||
| 999 |
_c45743 _d45743 |
||